Theories of psychotherapy and counseling : (Record no. 5875)
[ view plain ]
| 000 -LEADER | |
|---|---|
| fixed length control field | 01301nam a2200229Ia 4500 |
| 020 ## - INTERNATIONAL STANDARD BOOK NUMBER | |
| ISBN | 0495127450 |
| 020 ## - INTERNATIONAL STANDARD BOOK NUMBER | |
| ISBN | 9780495127451 |
| 022 ## - INTERNATIONAL STANDARD SERIAL NUMBER | |
| ISSN | 9780495603627 |
| 050 ## - CALL NUMBER | |
| Classification number | RC480 |
| Item number | .S355 |
| 100 1# - AUTHOR | |
| Personal name | Sharf, Richard S. |
| 245 10 - TITLE | |
| Title | Theories of psychotherapy and counseling : |
| Remainder of title | concepts and cases / |
| Statement of responsibility, etc | Richard S. Sharf. |
| 250 ## - EDITION | |
| Edition statement | Fourth edition. |
| 260 ## - PUBLICATION INFORMATION | |
| Place of publication | Belmont, Calif. : |
| Name of publisher | Thomson/Brooks/Cole, |
| Year of publication | 2008. |
| 300 ## - DESCRIPTION | |
| Number of Pages | xxvi, 658 pages : |
| Other physical details | portraits ; |
| Dimensions | 24 cm. |
| 500 ## - NOTES | |
| General note | Includes bibliographical references and index |
| 505 ## - FORMATTED CONTENTS NOTE | |
| Table of Content | CHAPTER 1. Introduction. <br/>CHAPTER 2. Psychoanalysis. <br/>CHAPTER 3. Jungian Analysis and Therapy. <br/>CHAPTER 4. Adlerian Therapy. <br/>CHAPTER 5. Existential Therapy. <br/>CHAPTER 6. Person-Centered Therapy. <br/>CHAPTER 7. Gestalt Therapy. <br/>CHAPTER 8. Behavior Therapy. <br/>CHAPTER 9. Rational Emotive Behavior Therapy. <br/>CHAPTER 10. Cognitive Therapy. <br/>CHAPTER 11. Reality Therapy. <br/>CHAPTER 12. Constructivist Approaches. <br/>CHAPTER 13. Feminist Therapy: A Multicultural Approach. <br/>CHAPTER 14. Family Therapy. <br/>CHAPTER 15. Other Psychotherapies. <br/>CHAPTER 16. Integrative Approaches. <br/>CHAPTER 17. Comparison and Critiques. |
| 650 #0 - SUBJECTS | |
| Topical Term | Psychotherapy. |
| 650 #0 - SUBJECTS | |
| Topical Term | Counseling. |
| 650 #0 - SUBJECTS | |
| Topical Term | Psychotherapy |
| 650 #0 - SUBJECTS | |
| Topical Term | Counseling |
| 942 ## - ADDED ENTRY ELEMENTS (KOHA) | |
| Koha item type | Books |
| Withdrawn status | Lost status | Collection code | Home library | Current library | Shelving location | Date acquired | Full call number | Accession Number | Koha item type |
|---|---|---|---|---|---|---|---|---|---|
| Reference | Methodist University Library Main | Methodist University Library Main | General Stacks | 01/06/2011 | RC480 .S355 | 33615 | Books | ||
| Reference | Methodist University Library Main | Methodist University Library Main | General Stacks | 01/06/2011 | RC480 .S355 | 33616 | Books |